Länder der EU - Statistiken

Allgemein
  • Dieses Quiz wurde 208 mal gespielt
  • Das Durchschnittsergebnis liegt bei 22 aus 27
Antwortstatistiken
Hint Antwort % Korrekt
Deutschland
98%
Portugal
96%
Spanien
95%
Frankreich
94%
Österreich
94%
Belgien
93%
Polen
93%
Finnland
92%
Luxemburg
91%
Italien
90%
Niederlande
90%
Schweden
90%
Tschechien
90%
Kroatien
89%
Lettland
89%
Dänemark
88%
Estland
88%
Griechenland
88%
Litauen
87%
Rumänien
81%
Ungarn
81%
Irland
80%
Bulgarien
79%
Malta
70%
Zypern
62%
Slovakei
17%
Slovenien
17%
Keine übereinstimmenden Quizze gefunden
Verteilung der Resultate
Anzahl Personen mit jedem Resultat
Perzentil nach korrekt beantworteten Fragen
Ihre Resultats-Entwicklung
Sie haben dieses Quiz noch nicht gespielt